| 000 | 00911nas a2200277 4500 | ||
|---|---|---|---|
| 001 | BR0204355 | ||
| 003 | BR-BrBNA | ||
| 005 | 20231205103217.0 | ||
| 007 | ta | ||
| 008 | 230509b bl.|||p| |||| 00| 00por d | ||
| 040 |
_aBR-BrBNA _bpor _cBiblioteca Nacional de Agricultura |
||
| 041 | _a(Pt) | ||
| 072 | _aL02 | ||
| 100 | 1 | _aFranzolin, M.H.T. | |
| 100 | 1 | _aSilveira, A.C. | |
| 100 | 1 | _aFranzolin, R. | |
| 245 | 1 | _aEfeitos de dietas com diferentes níveis de fibra em detergente neutro e do tamanho de poros de sacos de náilon incubados no rúmen sobre a fauna ruminal em bubalinos e bovinos | |
| 650 | _aBOVINO | ||
| 650 | _aBÚFALO | ||
| 650 | _aFAUNA DO RÚMEN | ||
| 650 | _aDIETA | ||
| 650 | _aFIBRA | ||
| 773 | 0 |
_tRevista Brasileira de Zootecnia (Brazil) _xISSN 1516-3598 _g(Mar-Apr 2002), v. 31(29) p. 716-723 _wBR0204355 |
|
| 909 |
_a202311 _bLúcia _c55 _dLúcia Elande |
||
| 942 |
_2AGRIS _n0 _cANA |
||
| 999 |
_c171674 _d171674 |
||